Advance topic in finite element (Record no. 533514)
[ view plain ]
| 000 -LEADER | |
|---|---|
| fixed length control field | 00221nam a22000977a 4500 |
| 040 ## - CATALOGING SOURCE | |
| Transcribing agency | kl |
| 082 ## - DEWEY DECIMAL CLASSIFICATION NUMBER | |
| Classification number | 624.1710152 |
| Author Mark | BHA |
| 100 ## - MAIN ENTRY--PERSONAL NAME | |
| Personal name | M.Ashghar Bhatti |
| 9 (RLIN) | 27449 |
| 245 ## - TITLE STATEMENT | |
| Title | Advance topic in finite element |
| 942 ## - ADDED ENTRY ELEMENTS (KOHA) | |
| Source of classification or shelving scheme | |
| Koha item type | Book |
| Withdrawn status | Lost status | Source of classification or shelving scheme | Damaged status | Not for loan | Permanent Location | Current Location | Date acquired | Total Checkouts | Full call number | Barcode | Date last seen | Date last checked out | Price effective from | Koha item type |
|---|---|---|---|---|---|---|---|---|---|---|---|---|---|---|
| School of Civil and Environmental Engineering (SCEE) | School of Civil and Environmental Engineering (SCEE) | 01/09/2020 | 2 | 624.1710152 BHA | nit-9332 | 07/13/2021 | 06/23/2021 | 01/09/2020 | Book |
